000 00516nam a22001577a 4500
003 macl
005 20200813164141.0
008 200813b xxu||||| |||| 00| 0 eng d
040 _cmacl
082 _a741.642
100 _aसुरेश ,नवल
_979356
245 _aहमारी लो‍क कथा नि‍धि
260 _aदिल्‍ली
_bमॉ सरस्‍वती बुक डिपो
_c2018
650 _aचिल्‍ड्रर्न बुक
_967889
942 _2ddc
_cHIN
999 _c62930
_d62930